banner koha

De corpo inteiro / (Registro n. 8618)

MARC details
000 -LÍDER
campo de controle de tamanho fixo 01210nam a2200217 a 4500
001 - NÚMERO DE CONTROLE
campo de controle BS0003558
003 - IDENTIFICADOR DO NÚMERO DE CONTROLE
campo de controle BR-BrBNA
005 - DATA E HORÁRIO DA ÚLTIMA TRANSAÇÃO
campo de controle 20231011132712.0
008 - CAMPO DE DADOS FIXOS--INFORMAÇÃO GERAL
campo de controle de tamanho fixo 230308b |||||||| |||| 00| 0 por d
040 ## - FONTE DA CATALOGAÇÃO
Instituição da catalogação original BR-BrBNA
Idioma da catalogação por
Instituição que transcreveu o registro Biblioteca Nacional de Agricultura
041 ## - CÓDIGO DE IDIOMA
Código do idioma do texto/trilha sonora ou título diferente por
072 ## - CÓDIGO DE CATEGORIA DE ASSUNTO
Código de Categoria de Assunto S86
090 ## - NÚMERO DE CHAMADA LOCAL
Número de chamada S86
Chave BR BS0003558
100 1# - ENTRADA PRINCIPAL--NOME PESSOAL
Nome pessoal Lispector, Clarice
245 1# - TÍTULO
Título De corpo inteiro /
260 3# - PUBLICAÇÃO, DISTRIBUIÇÃO, ETC.
Local de publicação, distribuição, etc. São Paulo, SP:
Nome do editor, distribuidor, etc. Siciliano,
Data da publicação, distribuição, etc. 1992.
300 ## - DESCRIÇÃO FÍSICA
Extensão 232 p.
520 3# - NOTA DE RESUMO, ETC
Resumo, etc. Em 'De corpo inteiro', a escritora Clarice Lispector entrevista personalidades das áreas política e cultural nas décadas de 60 e 70. Mais do que registrar o múltiplo talento da autora, esse livro retrata a faceta de pesquisadora da alma de Clarice. Sem meias palavras, a romancista, contista, poeta, cronista e tradutora se lança na inquietante descoberta dos mistérios da vida através de bate-papos, que o jornalista Alberto Dines chamou de 'peças jornalísticas de quilate'. Três questões são recorrentes ao longo das mais de 30 entrevistas. 'Qual é a coisa mais importante no mundo?', 'Qual é a coisa mais importante para o indivíduo?' e 'O que é o amor?'
650 ## - ASSUNTO--TERMO TÓPICO
Cabeçalho tópico ou nome geográfico LITERATURA BRASILEIRA
942 ## - ELEMENTOS DE ENTRADA ADICIONADOS (KOHA)
Tipo de material Koha Livros
Fonte da classificação ou esquema de arquivamento na estante Classificação AGRIS
Exemplares
Situação do descarte Fonte da classificação ou esquema de arquivamento na estante Situação física Não pode ser emprestado Coleção Biblioteca de origem Biblioteca atual Total de empréstimos Número de telefone completo Código de barras Data de último acesso Número do exemplar Tipo de material Koha Situação das perdas Data de aquisição Fonte de aquisição Qualificador de local codificado
  Classificação AGRIS     Acervo Cultural Biblioteca Nacional de Agricultura - Binagri Biblioteca Nacional de Agricultura - Binagri   S86 BS0003558 S86 BS0003558 12/04/2023 01 Livros   2023-04-04 Doação S86

BINAGRI

Telefone: (61)3218-2567/2388/3357/2097 - binagri@agro.gov.br

Ministério da Agricultura e Pecuária , Esplanada dos Ministérios, Bloco D, Anexo B, Brasília/DF, CEP: 70.043-900